000 00724nam a22001935i 4500
001 176957
003 ES-MaACL
005 20230906220223.0
008 110221s2009 sp a |||| | spa d
020 _a978-84-612-8859-5
080 _a821.134.2-34"19"
100 1 _aÁvila Martino, Rubén.
_9145294
245 1 0 _aDesechos urbanos /
_cautores: Rubén Ávila Martino, Salvador Navarro Zamorano, Isabel Navarro Reynés ; ilustración y diseño: Isabel Navarro Reynés.
260 _a[Llubí, Baleares] :
_bSalvador Navarro Zamorano,
_cD. L. 2009.
300 _a169 p. :
_bil. col. ;
_c21 cm.
700 0 _aNavarro Zamorano, Salvador.
_985196
700 1 _aNavarro Reynés, Isabel.
_9143821
852 _aES-MaACL
_jE-14379
999 _c176957
_d176957